Ghosts UK episodes - Statistics

General Stats
  • This quiz has been taken 12 times
    9 since last reset
  • The average score is 21 of 32
Answer Stats
series episode title % Correct
Moonah Ston
88%
About last night
75%
Carpe Diem
75%
En francais
75%
5 Fools
75%
Free pass
75%
happy death day
75%
he Came!
75%
redding weddy
75%
3 the Bone plot
75%
1 who do you think you are?
75%
A lot to take in
63%
Bump in the Night
63%
Getting out
63%
Gone Gone
63%
Gorilla war
63%
4 Happy Holiday
63%
Home
63%
i love lucy
63%
it's behind you
63%
Not Again
63%
part of the family
63%
perfect day
63%
Pineapple day
63%
Poached Guests
63%
something to share?
63%
The Ghost of Christmas
63%
2 The Grey Lady
63%
The Hardest Word
63%
the Thomas Thorne affair
63%
the woodworm men
63%
Speak as ye shall Choose
0%
No matching quizzes found
Score Distribution
Percent of People with Each Score
Percentile by Number Answered
Your Score History
You have not taken this quiz since the last reset